Vilasidhanthavum Atinte Upayogangalum / (Record no. 969)
[ view plain ]
| 000 -LEADER | |
|---|---|
| fixed length control field | 00380cam a2200133ua 4500 |
| 082 ## - DEWEY DECIMAL CLASSIFICATION NUMBER | |
| Classification number | 338.521 |
| Item number | WAT/VI |
| 100 ## - MAIN ENTRY--AUTHOR NAME | |
| Personal name | Watson, Donald Stevenson . |
| 245 ## - TITLE STATEMENT | |
| Title | Vilasidhanthavum Atinte Upayogangalum / |
| 260 ## - PUBLICATION, DISTRIBUTION, ETC. (IMPRINT) | |
| Place of publication | Thiruvananthapuram : |
| Name of publisher | State Instititute of Languages , |
| Year of publication | 1974. |
| 300 ## - PHYSICAL DESCRIPTION | |
| Number of Pages | 612 ; . |
| 650 ## - SUBJECT ADDED ENTRY--TOPICAL TERM | |
| Topical Term | Economics |
| 650 ## - SUBJECT ADDED ENTRY--TOPICAL TERM | |
| Topical Term | Price Theory |
| 942 ## - ADDED ENTRY ELEMENTS (KOHA) | |
| Koha item type | Books |
| Withdrawn status | Lost status | Damaged status | Home library | Current library | Date acquired | Full call number | Accession Number | Koha item type |
|---|---|---|---|---|---|---|---|---|
| KAUAET | KAUAET | 07/04/2012 | 338.521 | 14043 | Books | |||
| KAUAET | KAUAET | 07/04/2012 | 338.521 | 13621 | Books |
